000 00577nam a22001937a 4500
005 20230602155351.0
008 230602b ||||| |||| 00| 0 eng d
020 _a9789382680079
040 _aIN-DiNC
_cIN-DiNC
041 _dasm
082 _a891.4513
_bBAR
100 _aBaruah, Amarjyoti
_eauthor
245 _aAnanda Jatak/
_cby Amarjyoti Baruah
250 _a1st ed.
260 _aNorth Guwahati:
_bAnundoram Borooah Institute of Language, Art & Culture,
_c2015.
300 _a208p.
650 _aBiographical novel on the life of Anundoram Borooah
942 _2ddc
_cBK
999 _c11553
_d11553